000
00330nam a2200145Ia 4500
008
230917s9999||||xx |||||||||||||| ||und||
040
_e
27052
_a
MAIN
041
_a
English
082
_a
823.7 D555H
100
_a
Dickens, Charles
245
0
_a
Hard times
260
_a
Holborn
_b
Virtue
_c
1954
300
_a
288 p.
942
_c
BK
999
_c
189524
_d
189524